Les textes grecs publiés par Charles Graux. (Record no. 166189)

MARC details
000 -LEADER
campo de control de longitud fija 00916nam a22002535i 4500
001 - NÚMERO DE CONTROL
campo de control 166189
003 - IDENTIFICADOR DE NÚMERO DE CONTROL
campo de control ES-MaACL
005 - FECHA Y HORA DE LA ÚLTIMA TRANSACCIÓN
campo de control 20230906213300.0
008 - DATOS DE LONGITUD FIJA--INFORMACIÓN GENERAL
campo de control de longitud fija 050912s1886 fr | |||||||| ||fre d
040 ## - FUENTE DE CATALOGACIÓN
Centro catalogador/agencia de origen CAM
Lengua de catalogación spa
Centro/agencia transcriptor CAM
245 04 - MENCIÓN DEL TÍTULO
Título Les textes grecs publiés par Charles Graux.
250 ## - MENCION DE EDICION
Mención de edición Ed. posthume dirigée par son père et surveillée par Ch.-Emile Ruelle.
260 ## - PUBLICACIÓN, DISTRIBUCIÓN, ETC.
Lugar de publicación, distribución, etc. Paris :
Nombre del editor, distribuidor, etc. F. Vieweg, libraire-éditeur,
Fecha de publicación, distribución, etc. 1886.
300 ## - DESCRIPCIÓN FÍSICA
Extensión XIV, 551 p., [1] h. de lám. doble ;
Dimensiones 24 cm.
490 1# - MENCIÓN DE SERIE
Mención de serie Oeuvres de Charles Graux ;
Designación de volumen o secuencia 2
594 ## - Nota al título y mención de responsabilidad
Nota al título y mención de responsabilidad Parte del texto en griego.
650 ## - PUNTO DE ACCESO ADICIONAL DE MATERIA--TÉRMINO DE MATERIA
Término de materia o nombre geográfico como elemento de entrada Literatura griega-
Subdivisión de forma Textos.
9 (RLIN) 224351
700 1# - ENTRADA AGREGADA--NOMBRE PERSONAL
Nombre de persona Graux, Charles,
Término indicativo de función/relación
9 (RLIN) 127546
700 1# - ENTRADA AGREGADA--NOMBRE PERSONAL
Nombre de persona Ruelle, Charles-Emile,
Término indicativo de función/relación
9 (RLIN) 132162
700 1# - ENTRADA AGREGADA--NOMBRE PERSONAL
Nombre de persona Vieweg, Franck,
Término indicativo de función/relación
9 (RLIN) 133708
830 0# - PUNTO DE ACCESO ADICIONAL DE SERIE-TÍTULO UNIFORME
Título uniforme Oeuvres de Charles Graux ;
Designación de volumen o secuencia 2
9 (RLIN) 222527
852 ## - LOCALIZACIÓN
Ubicación ES-MaACL
Número de control de estantería C-6603
Nota libre -- Enc. hol.
Holdings
Estatus retirado Estado de pérdida Estado de daño No para préstamo Colección Biblioteca de origen Biblioteca actual Ubicación en estantería Fecha de adquisición Fuente de adquisición Total de préstamos Signatura topográfica completa Código de barras Visto por última vez Precio de reemplazo Tipo de ítem Koha
        Libros del s. XIX Biblioteca del Ateneo de Madrid Biblioteca del Ateneo de Madrid Sala Palomar 17/01/2008     C-6603 1174288 23/02/2023 23/02/2023 Libro impreso antiguo